Primer on value added tax / (Record no. 66907)

MARC details
000 -LEADER
fixed length control field 00557nam a22001577a 4500
005 - DATE AND TIME OF LATEST TRANSACTION
control field 20120519124316.0
020 ## - INTERNATIONAL STANDARD BOOK NUMBER
International Standard Book Number 8124107637
Terms of availability 195.00
035 ## - SYSTEM CONTROL NUMBER
System control number B-29828
037 ## - SOURCE OF ACQUISITION
Stock number DPL
Source of stock number/acquisition ENG
100 ## - MAIN ENTRY--PERSONAL NAME
Personal name Chelliah, Raja J.
245 ## - TITLE STATEMENT
Title Primer on value added tax /
Statement of responsibility, etc by Raja J. Chelliah etc.
260 ## - PUBLICATION, DISTRIBUTION, ETC. (IMPRINT)
Place of publication, distribution, etc New Delhi
Name of publisher, distributor, etc Har-Anand Publications
Date of publication, distribution, etc 2001
300 ## - PHYSICAL DESCRIPTION
Extent 108p.
Dimensions 22 cms.
942 ## - ADDED ENTRY ELEMENTS (KOHA)
Source of classification or shelving scheme Dewey Decimal Classification
Item type English Books
Classification part 336.2714
Call number suffix CHE
Holdings
Withdrawn status Lost status Not for loan Collection code Home library Current library Date acquired Cost, normal purchase price Full call number Barcode Cost, replacement price Koha item type Public note
      Non-fiction Sarojini Nagar Sarojini Nagar 19/05/2012 195.00 336.2714 CHE B-29828 195.00 English Books Withdrawn List Prepared List No.5/4

© Delhi Public Library
Hit Counter
free hit counter